000 00635nam a2200193 i 4500
001 83691
003 ES-MaACL
005 20251112122945.0
007 t|
008 041118s1960 sp ||||1| cat d
100 1 _aJardí, Enric.
_966109
245 1 0 _aAntoni Puigblanch
_b: els precedents de la Renaixença /
_cEnric Jardí ; proleg de Jordi Rubió i Balaguer.
260 _aBarcelona :
_bAedos,
_c[1960]
300 _aXXVIII, 364 p., 11 lám. ;
_c22 cm.
600 1 7 _aPuigblanch, Antoni,
_d1775-1840
_2
_9158091
700 1 _aRubió i Balaguer, Jordi.
_9100418
852 _aES-MaACL
_jC-19022
_bR.46245
999 _c83691
_d83691